000 00873nam a2200265 a 4500
999 _c62555
_d62555
001 62555
003 Mx-PuUPA
005 20220510162654.0
008 150513s2011 gw a r 000 0 spa d
020 _a978-3-8443-4653-4
040 _cMx-PuUPA
082 0 _a631.5233
_bLAU
100 1 _aLaurentin Táriba, Hernán Eduardo,
_eautor
_9921
245 1 0 _aGenética agrícola :
_bdesde la molécula del ADN hasta el manejo de poblaciones vegetales /
_cHernán Eduardo Laurentin Táriba.
250 _a1a. edición
264 1 _aAlemania :
_bEditorial Académica Española,
_c2011
300 _a233 páginas :
_bilustraciones ;
_c22 cm.
336 _atexto
_2rdacontent
337 _asin mediación
_2rdamedia
338 _avolumen
_2rdacarrier
650 4 _aMutación (biología)
650 4 _aVariación (biología)
650 4 _aGenética agrícola
942 _2ddc
_cLI